Readings in political economy (Record no. 390402)

000 -LEADER
fixed length control field 00383cam a22001457a 4500
008 - FIXED-LENGTH DATA ELEMENTS--GENERAL INFORMATION
fixed length control field 180718b1999 xxu||||| |||| 00| 0 eng d
020 ## - INTERNATIONAL STANDARD BOOK NUMBER
International Standard Book Number 812501165X
082 ## - DEWEY DECIMAL CLASSIFICATION NUMBER
Classification number T1 C35
100 ## - MAIN ENTRY--PERSONAL NAME
Personal name Chalam, K.S.
245 ## - TITLE STATEMENT
Title Readings in political economy
Statement of responsibility, etc. by K.S. Chalam
260 ## - PUBLICATION, DISTRIBUTION, ETC.
Place of publication, distribution, etc. Hyderabad
Name of publisher, distributor, etc. Orient Longman
Date of publication, distribution, etc. 1999
300 ## - PHYSICAL DESCRIPTION
Extent 463p.
650 ## - SUBJECT ADDED ENTRY--TOPICAL TERM
Topical term or geographic name entry element Economic development
650 ## - SUBJECT ADDED ENTRY--TOPICAL TERM
Topical term or geographic name entry element Economics
Holdings
Withdrawn status Lost status Damaged status Not for loan Permanent Location Current Location Date acquired Full call number Barcode Date last seen Price effective from Koha item type
        Indian Institute of Public Administration Indian Institute of Public Administration 2002-08-26 T19x54 B299r 77855 2018-07-21 2018-07-21 Book
        Indian Institute of Public Administration Indian Institute of Public Administration 1999-09-17 T1 C35 74543 2018-07-21 2018-07-21 Book

Powered by Koha